000 00713nam a2200217 i 4500
001 66398
003 ES-MaACL
005 20230906165627.0
007 t|
008 040213s2002 cl ||||1| spa d
020 _a956-8134-08-5
080 _a008"20"(046)
245 0 3 _aEl nuevo rostro del mundo
_b: el planeta después del 11 de septiembre de 2001.
260 _aSantiago (Chile) :
_bAún creemos en los sueños,
_cimp. 2002.
300 _a88 p. ;
_c21 cm.
500 _aSelección de artículos de Le Monde diplomatique.
500 _aEn el lomo: 8.
650 1 4 _aCivilización-
_yS.XX-
_vArtículos periodísticos.
_911086
740 3 _aLe Monde diplomatique.
852 _aES-MaACL
_jL-26835
_bR.132394
999 _c66398
_d66398